Ừ thôi phiêu lãng Thơ một mình
Saved in:
| Format: | Book |
|---|---|
| Published: |
Tp. Hồ Chí Minh
Hội nhà văn
2012
|
| Subjects: | |
| Tags: |
Add Tag
No Tags, Be the first to tag this record!
|
| Institutions: | Trung tâm Học liệu Lê Vũ Hùng, Trường Đại học Đồng Tháp |
|---|
| LEADER | 00796pam a22003018a 4500 | ||
|---|---|---|---|
| 001 | 00034534 | ||
| 005 | 20171026081025.0 | ||
| 008 | 161005s2012 ||||||Viesd | ||
| 020 | # | # | |c 50000 |
| 041 | 0 | # | |a Vie |
| 082 | 1 | 4 | |a 895.922 14 |b Ư550TH |
| 245 | 1 | 0 | |a Ừ thôi phiêu lãng |b Thơ một mình |
| 260 | # | # | |a Tp. Hồ Chí Minh |b Hội nhà văn |c 2012 |
| 300 | # | # | |a 152 tr. |c 20 cm. |
| 653 | # | # | |a Thơ |
| 653 | # | # | |a Văn học hiện đại |
| 653 | # | # | |a Văn học Việt Nam |
| 653 | # | # | |a Tác phẩm |
| 852 | # | # | |j KD.0017686 |
| 852 | # | # | |b Kho đọc |j KD.0017686 |
| 910 | |d 05/10/2016 | ||
| 980 | # | # | |a Trung tâm Học liệu Lê Vũ Hùng, Trường Đại học Đồng Tháp |